Hide Your '#' Movies Quiz Stats

 Plays Quiz Updated Apr 7, 2018

Score 0/21 Timer 06:00
1 Play Today
% Correct
101 Dalmatians
(1996)<
96.4%
27 Dresses
(2008)<
93.9%
2 Fast 2 Furious
(2003)<
93.8%
2001:
A Space Odyssey
(1968)<
92.9%
8 Mile
(2002)<
90.6%
127 Hours
(2010)<
90.5%
3:10 to Yuma
(2007)<
90.4%
50 First Dates
(2004)<
88.6%
12 Years a Slave
(2013)<
88.1%
2012
(2009)<
87.9%
1941
(1979)<
87.6%
% Correct
28 Days Later...
(2002)<
86.8%
1492: Conquest
of Paradise
(1992)<
85.4%
21 Jump Street
(2012)<
79.2%
The 40 Year Old
Virgin
(2005)<
78%
17 Again
(2009)<
76%
10 Items or Less
(2006)<
75.5%
10 Things
I Hate About You
(1999)<
70.8%
48 Hrs.
(1982)<
69.4%
88 Minutes
(2007)<
60.7%
21 Grams
(2003)<
54.2%

You're not logged in!

Compare scores with friends on all Sporcle quizzes.
OR
Log In

You Might Also Like...

Show Comments

Extras

Top Quizzes Today


Score Distribution

Your Account Isn't Verified!

In order to create a playlist on Sporcle, you need to verify the email address you used during registration. Go to your Sporcle Settings to finish the process.

Report this User

Report this user for behavior that violates our Community Guidelines.

Details: